Southville International School and Colleges
Your cart is empty.
  • Cart
  • Lists
    Public lists Eva Luna New books Lux_list list_1
    Your lists Log in to create your own lists
  • Log in to your account
  • Your cookies
  • Search history
Southville International School and Colleges
  • Advanced search
  • Recent comments
  • Most popular
  • Libraries

Log in to your account

Log in with GOOGLE


If you do not have an external account, but do have a local account, you can still log in:

  1. Home
  2. MARC view: Geometrical Solutions Derived from Mechanics; a Treatise of Archimedes
Normal view MARC view ISBD view

Geometrical Solutions Derived from Mechanics; a Treatise of Archimedes (Record no. 237125)

[ view plain ]
MARC details
000 -LEADER
fixed length control field 00835cam a22002653a 4500
001 - CONTROL NUMBER
control field 7825
003 - CONTROL NUMBER IDENTIFIER
control field PGUSA
005 - DATE AND TIME OF LATEST TRANSACTION
control field 20140828083149.0
008 - FIXED-LENGTH DATA ELEMENTS--GENERAL INFORMATION
fixed length control field 050401s2005||||xxu|||||s|||||000 | eng d
040 ## - CATALOGING SOURCE
Original cataloging agency PGUSA
Language of cataloging eng
042 ## - AUTHENTICATION CODE
Authentication code dc
050 #4 - LIBRARY OF CONGRESS CALL NUMBER
Classification number QA
100 1# - MAIN ENTRY--PERSONAL NAME
Personal name Archimedes,
Dates associated with a name -290--212
245 10 - TITLE STATEMENT
Title Geometrical Solutions Derived from Mechanics; a Treatise of Archimedes
Medium [electronic resource] /
Statement of responsibility, etc Archimedes
260 ## - PUBLICATION, DISTRIBUTION, ETC. (IMPRINT)
Name of publisher, distributor, etc Project Gutenberg,
Date of publication, distribution, etc 2005
506 ## - RESTRICTIONS ON ACCESS NOTE
Terms governing access Public domain in the USA.
516 ## - TYPE OF COMPUTER FILE OR DATA NOTE
Type of computer file or data note Electronic text
653 ## - INDEX TERM--UNCONTROLLED
Uncontrolled term Geometry -- Early works to 1800
700 1# - ADDED ENTRY--PERSONAL NAME
Personal name Heiberg, J. L.
Fuller form of name (Johan Ludvig),
Dates associated with a name 1854-1928
700 1# - ADDED ENTRY--PERSONAL NAME
Personal name Smith, David Eugene,
Dates associated with a name 1860-1944
700 1# - ADDED ENTRY--PERSONAL NAME
Personal name Robinson, Lydia Gillingham,
Dates associated with a name 1875-
830 #0 - SERIES ADDED ENTRY--UNIFORM TITLE
Uniform title Project Gutenberg
Volume number/sequential designation 7825
856 40 - ELECTRONIC LOCATION AND ACCESS
Uniform Resource Identifier <a href="http://www.gutenberg.org/ebooks/7825">http://www.gutenberg.org/ebooks/7825</a>
942 ## - ADDED ENTRY ELEMENTS (KOHA)
Koha item type eBooks
Holdings
Withdrawn status Lost status Damaged status Home library Current library Date acquired Total Checkouts Date last seen Price effective from Koha item type
      Project Gutenberg Project Gutenberg 08/28/2014   08/28/2014 08/28/2014 eBooks

Geometrical Solutions Derived from Mechanics; a Treatise of Archimedes

APA

Archimedes, Heiberg J. L., Smith D. E. & Robinson L. G. (2005). Geometrical Solutions Derived from Mechanics; a Treatise of Archimedes. : Project Gutenberg.

Chicago

Archimedes, Heiberg J L, Smith David Eugene and Robinson Lydia Gillingham. 2005. Geometrical Solutions Derived from Mechanics; a Treatise of Archimedes. : Project Gutenberg.

Harvard

Archimedes, Heiberg J. L., Smith D. E. and Robinson L. G. (2005). Geometrical Solutions Derived from Mechanics; a Treatise of Archimedes. : Project Gutenberg.

MLA

Archimedes, Heiberg J L, Smith David Eugene and Robinson Lydia Gillingham. Geometrical Solutions Derived from Mechanics; a Treatise of Archimedes. : Project Gutenberg. 2005.

  • Place hold
  • Print
  • Cite
  • Add to your cart (remove)
  • Save record
    BIBTEX Dublin Core MARCXML MARC (non-Unicode/MARC-8) MARC (Unicode/UTF-8) MARC (Unicode/UTF-8, Standard) MODS (XML) RIS
  • More searches
    Search for this title in:
    Other Libraries (WorldCat) Other Databases (Google Scholar) Online Stores (Bookfinder.com) Open Library (openlibrary.org)

Exporting to Dublin Core...

SOUTHVILLE LIBRARY

Southville International School and Colleges Library

1281 Tropical Ave. Cor. Luxembourg St., BF Homes International, Las Pinas City

Tel. No. 8256374 / 252358 Loc. 117/146

Powered by Koha